[Event "Wohlen op 1st"]
[Site "Wohlen"]
[Date "2020.08.21"]
[Round "1"]
[White "Priewasser, Joerg"]
[Black "Burri, Roland"]
[Result "1-0"]
[WhiteElo "2080"]
[BlackElo "1551"]
[PlyCount "47"]
[EventDate "2020.08.21"]
[EventType "swiss"]
[EventRounds "5"]
[EventCountry "SUI"]
[SourceTitle "CBM 198 Extra"]
[Source "ChessBase"]
[SourceDate "2020.11.30"]
[SourceVersion "1"]
[SourceVersionDate "2020.11.30"]
[SourceQuality "1"]

1. c4 e5 2. g3 g6 3. Bg2 Bg7 4. Nc3 Ne7 5. d3 c6 6. e4 0-0 7. Nge2 d6 8. 0-0 Be6 9. h3 h6 10. f4 exf4 11. gxf4 Kh7 12. Be3 Na6 13. b3 Nc7 14. d4 Qc8 15. Kh2 Ne8 16. Ng3 a6 17. Rc1 Bd7 18. Qd3 Qd8 19. f5 Rb8 20. e5 dxe5 21. dxe5 Ng8 22. fxg6+ fxg6 23. Rxf8 Bxf8 24. Rd1 1-0

[Event "Kaupthing op-A 1st"]
[Site "Differdange"]
[Date "2007.07.13"]
[Round "8"]
[White "Holm Pedersen, Sejer"]
[Black "Priewasser, Joerg"]
[Result "1-0"]
[WhiteElo "2262"]
[BlackElo "2022"]
[PlyCount "82"]
[EventDate "2007.07.07"]
[EventType "swiss"]
[EventRounds "9"]
[EventCountry "LUX"]
[SourceTitle "CBM 119 Extra"]
[Source "ChessBase"]
[SourceDate "2007.09.04"]
[SourceVersion "1"]
[SourceVersionDate "2007.09.04"]
[SourceQuality "1"]

1. d4 Nf6 2. c4 d6 3. Nc3 Bf5 4. f3 e5 5. d5 e4 6. g4 Nxg4 7. Bf4 exf3 8. Nxf3 Nf6 9. Bg2 Be7 10. Nd4 Bg6 11. Qb3 Nh5 12. 0-0 Nxf4 13. Rxf4 Bg5 14. Rf3 Qc8 15. Bh3 Nd7 16. Qa4 Kd8 17. Raf1 Bf6 18. Qd1 Qb8 19. Qd2 a6 20. e3 Re8 21. Qf2 Qa7 22. Nce2 Re7 23. Rd1 Bh5 24. Bxd7 Bxf3 25. Qxf3 Kxd7 26. Qh3+ Kd8 27. Kf2 h6 28. Rg1 Re5 29. Nf5 g6 30. Nxh6 Ke7 31. Nf4 Rh8 32. Rg3 Qb6 33. Rxg6 Qxb2+ 34. Kf3 Rxe3+ 35. Kxe3 Qc3+ 36. Nd3 Qd4+ 37. Kd2 Qc3+ 38. Ke2 Qc2+ 39. Ke3 Rxh6 40. Rxh6 Bg5+ 41. Kd4 b5 1-0

[Event "Kaupthing op-A 1st"]
[Site "Differdange"]
[Date "2007.07.07"]
[Round "1"]
[White "Priewasser, Joerg"]
[Black "Vatter, Hans Joachim"]
[Result "0-1"]
[WhiteElo "2022"]
[BlackElo "2319"]
[PlyCount "76"]
[EventDate "2007.07.07"]
[EventType "swiss"]
[EventRounds "9"]
[EventCountry "LUX"]
[SourceTitle "CBM 119 Extra"]
[Source "ChessBase"]
[SourceDate "2007.09.04"]
[SourceVersion "1"]
[SourceVersionDate "2007.09.04"]
[SourceQuality "1"]

1. c4 e5 2. Nc3 Bb4 3. g3 Bxc3 4. bxc3 d6 5. Bg2 Nf6 6. Rb1 Nc6 7. d3 0-0 8. Nf3 e4 9. Nd4 exd3 10. Nxc6 dxe2 11. Nxd8 exd1Q+ 12. Kxd1 Rxd8 13. Bg5 Rb8 14. Re1 Kf8 15. Kd2 b6 16. Re3 Re8 17. Bxf6 gxf6 18. Rxe8+ Kxe8 19. Re1+ Kf8 20. Bd5 Bd7 21. Kd3 Re8 22. Rxe8+ Kxe8 23. Ke3 Ke7 24. Kf4 h6 25. h4 Be6 26. a3 a6 27. Ke4 Kd7 28. Kf4 c6 29. Bxe6+ fxe6 30. Kg4 d5 31. Kh5 c5 32. cxd5 exd5 33. Kxh6 d4 34. cxd4 cxd4 35. Kg6 d3 36. h5 d2 37. h6 d1Q 38. h7 Qg4+ 0-1